Rozpočtová matematika obcí sa mení

Decentralizácia verejnej správy predstavuje predovšetkým procesy prebiehajúce po vecnej a fiškálnej línii. Prvé skúsenosti z fiškálnej decentralizácie. Rozsahu kompetencií, ktoré prešli na samosprávu obcí, by mal zodpovedať aj objem finančných prostriedkov na ich krytie. Príjmy rozpočtov obcí. Namie...

Descripción completa

Guardado en:
Detalles Bibliográficos
Autor principal: Žárska, Elena, 1955-
Otros Autores: Repková, Eva
Formato: Capítulo de libro
Lenguaje:eslovaco
Materias:
Etiquetas: Agregar Etiqueta
Sin Etiquetas, Sea el primero en etiquetar este registro!

MARC

LEADER 00000naa$a2200000$$$4500
001 0045570
005 20231016084935.9
041 0 |a slo 
044 |a SK 
245 1 0 |a Rozpočtová matematika obcí sa mení  |c Elena Žárska, Eva Repková 
520 |a Decentralizácia verejnej správy predstavuje predovšetkým procesy prebiehajúce po vecnej a fiškálnej línii. Prvé skúsenosti z fiškálnej decentralizácie. Rozsahu kompetencií, ktoré prešli na samosprávu obcí, by mal zodpovedať aj objem finančných prostriedkov na ich krytie. Príjmy rozpočtov obcí. Namiesto troch daní jedna. Rozpočet obce je základný finančný plán obce a zároveň významný nástroj obecnej politiky. Zvyšovanie finančnej nezávislosti samospráv obcí. 
610 2 0 |a obce 
610 2 0 |a samospráva 
610 2 0 |a rozpočet miestny 
610 2 0 |a financie 
610 2 0 |a nezávislosť 
610 2 0 |a decentralizácia 
610 2 0 |a kompetencie 
610 2 0 |a dane 
610 2 0 |a politika finančná 
610 2 0 |a politika komunálna 
100 1 |a Žárska, Elena, 1955- 
700 1 |a Repková, Eva